00402nam a2200157Ia 4500008004100000020001500041041001200056082001600068100001500084245006900099250000800168260002500176300001000201650001800211700001500229221030s9999 xx 000 0 und d a0074632256 aEnglish a105.23bKha aM. Y. Khan 0aFinancial Mangement : Text & Problemscby M. Y. Khan, P. K. Jain a3rd bTMHaNew Delhic2003 a20.20 aBE Management aP. K. Jain